000 00496 a2200157 4500
005 20250627140243.0
020 _a978-1-11-816887-5
082 _a658.15 COS
100 _aCost Management.
245 _aCost Management: Measuring, Monitoring, and Motivating Performance.
250 _a2nd Ed.
260 _aNew York,
_bWILEY, J, & Sons Canada LTD,
_c2012.
300 _axxii, 842p.: ill.; figure, picture, table
_bGlossary & Index
_c27cm
700 _aELDENBURG. [...et al....]
942 _2ddc
_cBKS
999 _c5670
_d5670